LEADER 01102nam a2200265 i 4500 001 991000869099707536 008 050302s1995 gw a b 001 0 eng 020 $a3631462700 035 $ab13285385-39ule_inst 040 $aSet. Economia$bita 082 00$a515.64$220 100 1 $aDemyanov, V.F.$d<1938- >$0621954 245 10$aConstructive nonsmooth analysis /$cby Vladimir F. Demyanov, Alexander M. Rubinov 260 $aFrankfurt am Main ;$aNew York :$bP. Lang,$cc1995 300 $a416 p. :$bill. ;$c21 cm 440 0$aApproximation & optimization ;$v7 504 $aInclude riferimenti bibliografici (p. 389-408) e indice 650 4$aCalcolo delle variazioni 700 1 $aRubinov, Aleksandr Moiseevich$eauthor$4http://id.loc.gov/vocabulary/relators/aut$0103980 907 $a.b13285385$b19-03-10$c02-03-05 912 $a991000869099707536 945 $aLE025 ECO 515 DEM02.01$g1$i2025000140929$lle025$o-$pE0.00$q-$rl$s- $t0$u1$v1$w1$x0$y.i14020063$z02-03-05 996 $aConstructive nonsmooth analysis$91461116 997 $aUNISALENTO 998 $ale025$b02-03-05$cm$da $e-$feng$ggw $h0$i0 LEADER 01355cam0-22004451i-450 001 990001673860403321 005 20260121120910.0 035 $a000167386 035 $aFED01000167386 035 $a(Aleph)000167386FED01 100 $a20030910d1979----km-y0itay50------ba 101 0 $aita 102 $aIT 105 $ay-------001yy 200 1 $a<>programmazione comprensoriale$eanalisi socio-economica dei comprensori piemontesi$fRegione Piemonte$gGianfranco Mossetto ... [et al.] 210 $aTorino$cRegione Piemonte$dstampa 1979 215 $a474 p.$cill.$d30 cm 225 1 $aQuaderni della programmazione$v1 610 0 $aProgrammazione economica 610 0 $aEconomia regionale$aPianificazione 610 0 $aPiemonte 676 $a338.9$v23$zita 676 $aF/3.113 676 $a074.014 702 1$aMossetto,$bGianfranco$f<1944- > 710 02$aPiemonte$c$06390 801 0$aIT$bUNINA$gRICA$2UNIMARC 901 $aBK 912 $a990001673860403321 952 $aF/3.113 REG/2$b9466/I$fSES 952 $a074.014.PIE$b2246$fDECGE 952 $aR1-R4.192$fDECTS 952 $a60 338.984 REPI 1979$b48237$fFAGBC 952 $aF ECO 573$b02/0003/26$fFAGBC 959 $aFAGBC 959 $aSES 959 $aDECGE 959 $aDECTS 996 $aProgrammazione comprensoriale$9370485 997 $aUNINA